=LDR 00000nam 2200000 4500 =001 INLIS000000000033444 =005 20130612135410 =008 ***********************************ind** =035 ##$$0010-061300000033444 =041 ##$$a ind =082 ##$$a 746.44 =090 ##$$a 746.44, Wah t =100 ##$$a Wahyupuspitowati =245 ##$$a Teknik dasar sulam pita, payet, =260 ##$$a 2008 $b Jakarta =300 ##$$a vi,74 hlm, ilus, 23 cm =650 ##$$a Sulaiman =700 ##$$a maruti, Ida Ayu =850 ##$$a NBPNMAT =990 ##$$a 0203/BPAP-NTB/2015